| 000 | 01947nam0a22004571 4500 | ||
|---|---|---|---|
| 001 | v19\rc\1790714 | ||
| 005 | 20230117190535.0 | ||
| 035 | _a(NLR Aleph) 004882355 | ||
| 090 |
_a5183612 _c5183612 |
||
| 100 | _a20061204d1905 |||y0rusy50 ca | ||
| 101 | 1 |
_arus _cger |
|
| 102 | _aRU | ||
| 105 | _ay z ||||| | ||
| 200 | 1 |
_aОтвет Бернштейну _e(Анти-критика) _fК. Каутский _gПер. с нем. А.Г. Гойхбарга |
|
| 210 |
_aОдесса _cБуревестник _d1905 |
||
| 215 |
_a241, [2] с. _d21 |
||
| 300 | _aЗагл. ориг.: Bernstein und das sozialdemokratische programm | ||
| 300 | _aПер. также под загл.: Бернштейн и социал-демократическая программа. Антикритика, К критике теории и практики марксизма. ("Антибернштейн") | ||
| 451 | 0 | _12001#$aБернштейн и социал-демократическая программа. Антикритика | |
| 451 | 0 | _12001#$aК критике теории и практики марксизма. ("Антибернштейн") | |
| 454 | 0 | _12001#$aBernstein und das sozialdemokratische programm | |
| 532 | 1 | 3 | _aОтвет Бернштейну |
| 700 | 1 |
_aКаутский _bК. _f1854-1938 _gКарл |
|
| 702 | 1 |
_aБернштейн _bЭ. _f1850-1932 _gЭдуард _4570 |
|
| 702 | 1 |
_aГойхбарг _bА. Г. _f1883-1962 _gАлександр Григорьевич _4730 |
|
| 801 | 0 |
_aRU _bNLR _gpsbo |
|
| 801 | 0 |
_aRU _bRuMoRGB _2psbo |
|
| 801 | 1 |
_aRU _bProSoft-M _2rusmarc |
|
| 852 |
_aNLR _j38.26.6.5 |
||
| 852 |
_aNLR _j130/8405 |
||
| 899 |
_aRuMoRGB _jU 431/191 |
||
| 899 |
_aRuMoRGB _jЯ 60/1207 |
||
| 899 |
_aRuMoRGB _jРб 19/832 |
||
| 899 |
_aRuMoRGB _jM 0/52 |
||
| 899 | _aБАН | ||
| 899 | _aНБ СПбГУ | ||
| 899 | _aГПИБ | ||
| 899 | _aНБ МГУ | ||
| 942 | _cBOOK | ||
| 980 | _aNB | ||